000 00629nam a2200193Ia 4500
008 151119s9999||||xx |||||||||||||| ||und||
082 _a891.462
082 _bGKKV32657
100 _aबेडेकर विश्राम
245 _aटिळक आणि आगरकर
260 _aमुंबई
260 _bपोपुलर प्रकाशन
260 _c2013
600 _aबेडेकर विश्राम
630 _aटिळक आणि आगरकर
700 _aबेडेकर विश्राम
730 _aटिळक आणि आगरकर
942 _cBOOK
999 _c1084959
_d1084956